01299nam a2200169Ia 450000500170000000800410001702000180005808200110007610000210008724500740010826000260018230000200020852007760022865000150100499900150101995200950103420250117103656.0250117s9999 xx 000 0 und d a9780140286861 a330KRU aKrugman, Paul R. 4aThe accidental theoristband other dispatches from the dismal science aLondonbPenguinc1999 a204 p. ; 22 cm. aIn this wonderfully cohesive set of sharp and witty essays, Paul Krugman tackles bad economic ideas from across the political spectrum. In plain English, he enlightens us on the Asian crisis, corporate downsizing, and the globalization of the American economy, among other topics. The writing here brilliantly combines the acerbic style and clever analysis that has made Krugman famous. Imagine declaring New York its own country and you get a better picture of our trade balance with China and Hong Kong. Try reducing the economy to the production of hot dogs and buns and you?ll understand why common beliefs about the impact of production efficiency on labor demand are wrong. This is a collection that will amuse, provoke, and enlighten, in classic Paul Krugman style aEconomics. c4048d4048 00104070aU001bU001d2025-01-17l0o330KRUp004093r2025-01-31 00:00:00w2025-01-17yBK